مكتبة جامعة عجلون الوطنية

فهرس بحث المكتبة

Normal view MARC view
  • المصارف الاسلاميه - معايير المحاسبة

Entry Topical Term

Number of records used in: 1

001 - CONTROL NUMBER

  • control field: 58516

003 - CONTROL NUMBER IDENTIFIER

  • control field: JO-AjAnu

005 - DATE AND TIME OF LATEST TRANSACTION

  • control field: 20230606083556.0

008 - FIXED-LENGTH DATA ELEMENTS

  • fixed length control field: 230606|| aca||aabn | a|a d

040 ## - CATALOGING SOURCE

  • Original cataloging agency: JO-AjAnu
  • Transcribing agency: JO-AjAnu

150 ## - HEADING--TOPICAL TERM

  • Topical term or geographic name entry element: المصارف الاسلاميه - معايير المحاسبة

670 ## - SOURCE DATA FOUND

  • Source citation: Work cat.: (JO-AjAnu)29849: اعداد احمد محمد علي الجبالي ؛ اشراف محمود الشويات, author 58515, مدى التزام مؤسسات التمويل الاسلاميه المتخصصه بمعايير هيئة المحاسبه والمراجعه للمؤسسات الماليه الاسلاميه "دراسة حاله" = The Extent of the commitment of specialized islamic financial institutions to the standards